World Capitals Closest to Brussels - Statistics

General Stats
  • This quiz has been taken 199 times
  • The average score is 18 of 20
Answer Stats
Far (km) Answer % Correct
177 Amsterdam
99%
261 Paris
99%
652 Berlin
98%
322 London
98%
188 Luxembourg
97%
486 Bern
96%
765 Copenhagen
94%
911 Vienna
94%
772 Dublin
93%
1085 Oslo
92%
718 Prague
91%
1130 Budapest
86%
1158 Warsaw
86%
824 Monaco
83%
556 Vaduz
80%
967 Bratislava
79%
917 Ljubljana
79%
1022 Zagreb
78%
980 San Marino
74%
949 Andorra la Vella
72%
No matching quizzes found
Score Distribution
Percent of People with Each Score
Percentile by Number Answered
Your Score History
You have not taken this quiz